000 00416nam a2200169Ia 4500
008 230524s9999 xx 000 0 und d
020 _a8188114081
082 _a621.3821
_bHUS
100 _aFarooq Husain
245 0 _aDigital Signal Processing and Application
250 _a1ST
260 _aNEW DELHI
_bUmesh
_c2003
300 _aXI;324
500 _aQuantity Number: 4
650 _aElectronics
942 _cBK
999 _c8415
_d8415